Vendredi Ou La Vie Sauvage / (Record no. 6730)

MARC details
000 -LEADER
fixed length control field 00848nam a22002417a 4500
001 - CONTROL NUMBER
control field 6730
003 - CONTROL NUMBER IDENTIFIER
control field FISKH
005 - DATE AND TIME OF LATEST TRANSACTION
control field 20250526094750.0
008 - FIXED-LENGTH DATA ELEMENTS--GENERAL INFORMATION
fixed length control field 250523b cb ||||| |||| 00| 0 eng d
020 ## - INTERNATIONAL STANDARD BOOK NUMBER
International Standard Book Number 9782070513291
040 ## - CATALOGING SOURCE
Original cataloging agency FISKH
Language of cataloging French
Transcribing agency FISKH
Modifying agency FISKH
050 ## - LIBRARY OF CONGRESS CALL NUMBER
Classification number PZ7.T6475 V
082 ## - DEWEY DECIMAL CLASSIFICATION NUMBER
Classification number 843.914
100 ## - MAIN ENTRY--PERSONAL NAME
Personal name Tournier, Michel
245 ## - TITLE STATEMENT
Title Vendredi Ou La Vie Sauvage /
Statement of responsibility, etc. By Michel Tournier
260 ## - PUBLICATION, DISTRIBUTION, ETC.
Place of publication, distribution, etc. Paris :
Name of publisher, distributor, etc. Gallimard ,
Date of publication, distribution, etc. 1971.
300 ## - PHYSICAL DESCRIPTION
Extent 191 pages :
Other physical details illustrations ;
Dimensions 18 cm .
520 ## - SUMMARY, ETC.
Summary, etc. A new approach to the Robinson Crusoe story which explores Robinson's psychological as well as physical experiences and introduces a new twist--Friday eventually becomes master of Robinson.
650 ## - SUBJECT ADDED ENTRY--TOPICAL TERM
Topical term or geographic name entry element Contos galego
Form subdivision French literature
700 ## - ADDED ENTRY--PERSONAL NAME
Personal name Lemoine, Georges
Relator term Illustrator
942 ## - ADDED ENTRY ELEMENTS (KOHA)
Source of classification or shelving scheme Dewey Decimal Classification
Koha item type Books
Suppress in OPAC No
Holdings
Withdrawn status Lost status Source of classification or shelving scheme Damaged status Not for loan Collection Home library Current library Shelving location Date acquired Total Checkouts Full call number Barcode Date last seen Price effective from Koha item type
    Dewey Decimal Classification     Fiction Footprints International School Library Network Toul Tom Poung Campus Footprints International School Library Network Toul Tom Poung Campus TTP Secondary Fiction Bookshelves 05/23/2025   TOU PZ7.T6475 V 843.914 FISSE04373 05/23/2025 05/23/2025 Books